| 000 | 00785nam a22002297a 4500 | ||
|---|---|---|---|
| 005 | 20251108173347.0 | ||
| 008 | 250721s2001 xx 000 0 ara d | ||
| 082 | 1 | 4 | _aم/ط/590/مكت |
| 245 | 1 | 0 | _aعالم الحيوانات / |
| 264 | 1 |
_aبيروت : _bمكتبة لبنان ناشرون، _c2001. |
|
| 300 | _a64 ص. : مص. | ||
| 490 | 0 | _aكتب الفراشة : موسوعة المشاهدة العيانية | |
| 650 | 1 | 7 | _aالحيوانات |
| 650 | 1 | 7 | _aمورفولوجيا الحيوان |
| 650 | 1 | 7 | _aالحشرات (صف) |
| 650 | 1 | 7 | _aالأسماك (حيوان) |
| 650 | 1 | 7 | _aالطيور |
| 653 | _aناشئون صغار (10-14 سنة) | ||
| 710 | 2 | _aمكتبة لبنان ناشرون : دائرة النشر | |
| 942 |
_2ddc _cREF |
||
| 999 |
_c102084 _d102084 |
||